000
00264 a2200109 4500
000
nam a22 7a 4500
005
20260313142225.0
100
_a
McQuire, Peter
_9
1132022
245
_a
R programing for actuarial science
260
_b
Wiley
_c
2024
942
_c
AUD
999
_c
1715369
_d
1715369